The invention of love / (Record no. 118727)
[ view plain ]
| 000 -LEADER | |
|---|---|
| fixed length control field | 00756mam a2200277 a 4500 |
| 001 - CONTROL NUMBER | |
| control field | 2101672 |
| 003 - CONTROL NUMBER IDENTIFIER | |
| control field | ARRUPE |
| 005 - DATE AND TIME OF LATEST TRANSACTION | |
| control field | 20131126144908.0 |
| 008 - FIXED-LENGTH DATA ELEMENTS--GENERAL INFORMATION | |
| fixed length control field | 971117s1997 enk 000 0 eng d |
| 010 ## - LIBRARY OF CONGRESS CONTROL NUMBER | |
| LC control number | gb 97072550 |
| 015 ## - NATIONAL BIBLIOGRAPHY NUMBER | |
| National bibliography number | GB97-72550 |
| 020 ## - INTERNATIONAL STANDARD BOOK NUMBER | |
| International Standard Book Number | 0571192734 (cased) |
| 020 ## - INTERNATIONAL STANDARD BOOK NUMBER | |
| International Standard Book Number | 0571192718 (pbk) : |
| Terms of availability | £6.99 |
| 035 ## - SYSTEM CONTROL NUMBER | |
| System control number | (OCoLC)39791066 |
| 035 ## - SYSTEM CONTROL NUMBER | |
| System control number | (OCoLC)ocm39791066 |
| 035 ## - SYSTEM CONTROL NUMBER | |
| System control number | (NNC)2101672 |
| 040 ## - CATALOGING SOURCE | |
| Original cataloging agency | UKM |
| Transcribing agency | UKM |
| 050 ## - LIBRARY OF CONGRESS CALL NUMBER | |
| Classification number | PR6069 |
| Item number | .T677I5 |
| 300 ## - PHYSICAL DESCRIPTION | |
| Dimensions | 20 cm. |
| 100 1# - MAIN ENTRY--PERSONAL NAME | |
| Personal name | Stoppard, Tom. |
| 9 (RLIN) | 4000 |
| 245 14 - TITLE STATEMENT | |
| Title | The invention of love / |
| Statement of responsibility, etc | Tom Stoppard. |
| 260 ## - PUBLICATION, DISTRIBUTION, ETC. (IMPRINT) | |
| Place of publication, distribution, etc | London : |
| Name of publisher, distributor, etc | Faber, |
| Date of publication, distribution, etc | 1997. |
| 300 ## - PHYSICAL DESCRIPTION | |
| Extent | 106 p. ; |
| 600 14 - SUBJECT ADDED ENTRY--PERSONAL NAME | |
| Personal name | Housman, A. E. |
| Fuller form of name | (Alfred Edward), |
| Dates associated with a name | 1859-1936 |
| General subdivision | Drama. |
| 9 (RLIN) | 4001 |
| 942 ## - ADDED ENTRY ELEMENTS (KOHA) | |
| Source of classification or shelving scheme | Library of Congress Classification |
| Koha item type | Monograph ( Printed materials) |
| Withdrawn status | Lost status | Source of classification or shelving scheme | Damaged status | Not for loan | Collection code | Home library | Current library | Shelving location | Date acquired | Total Checkouts | Full call number | Barcode | Date last seen | Price effective from | Koha item type |
|---|---|---|---|---|---|---|---|---|---|---|---|---|---|---|---|
| Library of Congress Classification | Main Collection | ARRUPE LIBRARY | ARRUPE LIBRARY | Main Collection | 26/11/2013 | PR6069 .T677I5 | 46410430 | 26/11/2013 | 26/11/2013 | Monograph ( Printed materials) |